| 000 | 00496nam a2200169Ia 4500 | ||
|---|---|---|---|
| 999 |
_c34762 _d34762 |
||
| 003 | OSt | ||
| 005 | 20200203141313.0 | ||
| 008 | 190216s9999||||xx |||||||||||||| ||und|| | ||
| 040 | _coclc | ||
| 082 |
_a342.73029 _bDOR/G |
||
| 100 |
_a Doren, Carl Van _91804 |
||
| 245 | 0 |
_aGreat Rehearsal / _cCarl Van Doren |
|
| 260 |
_bSterling Publications, _c1967. _aNew Delhi: |
||
| 300 | _a336p | ||
| 650 | _aPolitical Science | ||
| 942 |
_cBK _2ddc _h342.73029 _iDOR/G _k342.73029 _mDOR/G |
||